logo

Bir Sreshtho Munshi Abdur Rouf Library
Jhenaidah Cadet College

The Children of The New Forest (Record no. 482)

MARC details
000 -LEADER
fixed length control field 00564nam a2200217 a 4500
001 - CONTROL NUMBER
JCCL Control Number 482
003 - CONTROL NUMBER IDENTIFIER
JCCL marc code BD-JhCC
005 - DATE AND TIME OF LATEST TRANSACTION
control field 20171005162404.0
008 - FIXED-LENGTH DATA ELEMENTS--GENERAL INFORMATION
fixed length control field 171005b uk ||||| |||| 00| 0 eng d
035 ## - SYSTEM CONTROL NUMBER
system control number (BD-JhCC) 482
040 ## - CATALOGING SOURCE
Original cataloging agency BD-JhCC
Modifying agency BD-JhCC
041 ## - LANGUAGE CODE
Language code of Book eng
082 ## - DEWEY DECIMAL CLASSIFICATION NUMBER
DDC Edition number 23
Classification number 823.7
Author mark and Year MAR
100 ## - MAIN ENTRY--PERSONAL NAME
Personal name Marryat, Captain
245 ## - TITLE STATEMENT
Title The Children of The New Forest
Statement of responsibility, etc Captain Marryat
260 ## - PUBLICATION, DISTRIBUTION, ETC. (IMPRINT)
Place of publication, distribution, etc London :
Name of publisher, distributor, etc Blackie & Son Limtted
300 ## - PHYSICAL DESCRIPTION
Pagination 272 p. :
Dimensions 18 cm
650 ## - SUBJECT ADDED ENTRY--TOPICAL TERM
Topical term or geographic name as entry element Chidrens Stones
General subdivision New Forest
Geographic subdivision England
942 ## - ADDED ENTRY ELEMENTS (KOHA)
Source of classification or shelving scheme Dewey Decimal Classification
Koha item type Books
Holdings
Source of classification or shelving scheme Damaged status Not for loan Home library Current library Shelving location Date of accession Total Checkouts Full call number Barcode Date last seen Copy number Koha item type
Dewey Decimal Classification     JCC Rouf Library JCC Rouf Library General Stacks 10/05/2017   823.7 MAR 1433 10/05/2017 C-1 Books

JCC Library | Contacts | JCC Home

Last Update on 23 September 2017
Copyright @ 2017-2020 JCC Rouf Library
Rouf Library, Jhenidah Cadet College (JCC), Bangladesh